|
|
|
|
| LEADER |
01018nam a2200229 a 4500 |
| 001 |
00002329 |
| 008 |
110602s1982 bg b 000 0 beno |
| 040 |
|
|
|a BD-DhAAL
|c BD-DhAAL
|
| 041 |
0 |
|
|a benben
|
| 082 |
0 |
0 |
|a 370.95492
|
| 100 |
1 |
|
|a মিল্লাত, বদরুল
|
| 245 |
0 |
0 |
|a শিক্ষাক্রম উন্নয়ন /
|c বদরুল মিল্লাত
|
| 260 |
|
|
|a ঢাকা :
|b বাংলা একাডেমী,
|c ১৯৮২.
|
| 300 |
|
|
|a আট, ৩৩৬ পৃ. ;
|c ২২ সে.মি.
|
| 546 |
|
|
|a In Bengali.
|
| 504 |
|
|
|a গ্রন্থপঞ্জি অন্তর্ভূক্ত
|
| 541 |
|
|
|e 00002329
|
| 650 |
|
0 |
|a Education
|z Bangladesh.
|
| 710 |
2 |
|
|a বাংলা একাডেমী (ঢাকা)
|
| 852 |
|
|
|a Ayesha Abed Library
|c General Shelf.
|
| 999 |
|
|
|c 11024
|d 11024
|
| 952 |
|
|
|0 0
|1 4
|2 ddc
|4 0
|6 370_954920000000000_MIL
|7 0
|9 17332
|a BRACUL
|b BRACUL
|c GEN
|d 2011-07-02
|g 80.00
|l 0
|o 370.95492 MIL
|p 3010002329
|r 2011-07-02
|t 1
|w 2011-07-02
|y BK
|x Koha Inventory 2020
|